| 000 | 00394 a2200169 4500 | ||
|---|---|---|---|
| 001 | 184105 | ||
| 020 | _a85-7238-100-7 | ||
| 040 | _cMagnum | ||
| 100 | _aTavares, Sebastião Wagner de Souza | ||
| 240 | 1 | 0 |
_aAlpha vi - rumo às estrelas _lpor |
| 245 | 1 | 0 | _aAlpha vi - rumo às estrelas |
| 300 | _a126 | ||
| 362 | 0 | _a2003 | |
| 440 | 1 | _aÁtica | |
| 697 | _aLITERATURA JUVENIL | ||
| 942 | _cBK | ||
| 999 |
_c184105 _d184105 |
||